000 00702nam a22001697a 4500
999 _c10171
_d10171
008 180804b ||||| |||| 00| 0 eng d
082 _22018
_aUT 1031
_bL47
100 _930012
_aLee, Ana Marie Kristine S.
245 _aService quality and customer satisfaction in government- owned and controlled corporation (GOCC) agencies/
_cAna Marie Kristine S. Lee, Leah G. Barota and Ronel Tampos.
260 _aDigos City:
_bUMDC
_cApril 2018.
300 _a82 pages;
_b30 cm.
650 0 _930013
_aBusiness Administration.
_vMarketing Management
_xUndergraduate thesis.
700 _930015
_aLee, Ana Marie Kristine S.
700 _930016
_aBarota, Leah G.
700 _930017
_aTampos, Ronel.
942 _2ddc
_cUT